| 000 | 00520 a2200133 4500 | ||
|---|---|---|---|
| 082 | _a BICSE-2 | ||
| 100 |
_a Maryam Naveed _989209 |
||
| 245 |
_a Moss Mobile Offline Search System [Project BICSE2] _c Maryam Naveed |
||
| 260 |
_aIsalamabad, _bNUST School of Electrical Engineering & Computer Science, _c2008. |
||
| 300 |
_a69 p. CD-ROM _b: ill. _c; 27 cm. + _eCD-ROM |
||
| 500 | _aSupervisors : Mr. Ali Sajjad, Mr. Umar Kalim. | ||
| 856 | _uhttp://10.250.8.41:8080/xmlui/handle/123456789/8524 | ||
| 942 |
_cPR _kBICSE-2 MAR _2ddc |
||
| 999 |
_c9328 _d9328 |
||